| Registos Bibliográficos associados ao registo de autoridade |
|
Etiqueta de registo: 00254nam 2200025 450 001 2274749 003 http://id.bnportugal.gov.pt/bib/catbnp/2274749 010 ## $a978-972-30-2441-8 021 ## $aPT$b557339/25 100 ## $a20260303d2025 m y0pory01030103ba 101 0# $apor 102 ## $aPT 105 ## $aa z 000yy 106 ## $ar 200 1# $a « Quero ser da equipa de Cristo»$ebiografia espiritual de Joe Reali$fRicardo Figueiredo$gil. Catarina Baptista Neuville 205 ## $a1ª ed 210 #9 $aApelação$cPaulus,$d2025 215 ## $a139 p.$cil.$d21 cm 675 ## $a929Reali, Joe$vBN$zpor$31994424 675 ## $a272-584Reali, Joe$vBN$zpor$31994428 700 #1 $aFigueiredo,$bRicardo,$f1990-$31689894 702 #1 $aNeuville,$bCatarina Baptista$4440$31988467 801 #0 $aPT$bBN$gRPC 856 41 $uhttp://rnod.bnportugal.gov.pt/ImagesBN/winlibimg.aspx?skey=&doc=2274749&img=220962&save=true 900 ## $aBIBNAC$d20260410 966 ## $lBN$mFGMON$sH.G. 88530 V.$x1 966 ## $lBN$mFGMON$sH.G. 88530 V.-D$x1 971 ## $cisantos$d20260303 972 ## $e0$z0$d20260410$vlrevez 973 ## $csteixeira$d20260331
|
|
|